VA Zavodny_1. Vila na hradnom kopci, Bratislava

Saved in:
Bibliographic Details
Main Author: Vranová, Zuzana (Author)
Other Authors: Závodný, Ľubomír (Thesis advisor)
Format: Manuscript Book
Language:Slovak
Published: Bratislava 2022
Subjects:
Online Access:http://is.stuba.sk/zp/portal_zp.pl?podrobnosti=164597
Tags: Add Tag
No Tags, Be the first to tag this record!

MARC

LEADER 00000ntm a22000003a 4500
001 stuzp90851
003 SK-STU
005 20221021095822.9
007 ta
008 150427s2015----xo-----f-mn---000-0-slo-d
040 |a STU  |b slo 
041 0 |a slo 
100 1 |a Vranová, Zuzana  |u 051110  |4 aut  |U FAD Fakulta architektúry a dizajnu  |T FAD Ústav architektúry obytných budov  |X 77216  |U A1110  |Y 392  |7 77216 
242 0 1 |a VA Zavodny_1. Villa on the Castle Hill, Bratislava  |y eng 
245 1 0 |a VA Zavodny_1. Vila na hradnom kopci, Bratislava 
260 |c 2022  |a Bratislava 
650 4 |a vila  |2 slo 
650 4 |a výhľad  |2 slo 
650 4 |a Bratislava  |2 slo 
650 4 |a villa  |2 eng 
650 4 |a view  |2 eng 
650 4 |a Bratislava  |2 eng 
700 1 |a Závodný, Ľubomír  |u 051110  |k Z1  |4 ths  |U FAD Fakulta architektúry a dizajnu  |T FAD Ústav architektúry obytných budov  |X 45410  |U A1110  |Y 392  |7 45410 
856 4 |u http://is.stuba.sk/zp/portal_zp.pl?podrobnosti=164597  |u https://opac.crzp.sk/?fn=detailBiblioForm&sid=A8C5898CD77493B3EEFF39491516